Statystyki dla Z jakiego kraju pochodzą te kluby wersja Afryka

Kliknij tutaj aby rozwiązać quiz!

Ogólne statystyki

  • Ten quiz został rozwiązany 18 razy
  • Średni wynik to 6 z 15

Statystyki odpowiedzi

HintOdpowiedź% Poprawnych
Al IttihadEgipt
88%
Kaizer ChiefsRPA
82%
Wydad CasablancaMaroko
76%
Orlando PiratesRPA
76%
Es SetifAlgieria
53%
Recreativo LiboloAngola
35%
Modeama SCGhana
29%
Akwa UnitedNigeria
29%
Hay Al ArabSudan
29%
EnppiEgipt
18%
As PikineSenegal
18%
TourbillonCzad
12%
Adama City F. CEtiopia
12%
Fosa Juniors FCMadagaskar
12%
Black BullsMozambik
6%

Rozkład punktacji

Percentyl według liczby udzielonych odpowiedzi

Procent ludzi z każdym wynikiem

Twoja historia wyników

Nie rozwiązałeś tego quizu